| 000 | 00540nam a22001577a 4500 | ||
|---|---|---|---|
| 999 |
_c60922 _d60922 |
||
| 005 | 20231120093947.0 | ||
| 008 | 231120s1981 ru ||||| |||| 00| 0 rus d | ||
| 041 | _arus | ||
| 080 | _a1(060.55) Г-96 | ||
| 100 |
_aГусейнов, Г.Ч. _920432 |
||
| 245 |
_aДраматургический метод Платона / _cГ.Ч. Гусейнов. |
||
| 264 |
_aМ.: _bГИТИС, _c1981. |
||
| 300 |
_a63 с.: _b17 см. |
||
| 653 | _aპლატონის დრამატული მეთოდი | ||
| 942 |
_2udc _cᲬᲘᲒᲜᲘ |
||